Statistics for Relegated from English Football League

Click here to take the quiz!

General Stats

  • This quiz has been taken 124 times
    (13 since last reset)
  • The average score is 22 of 54

Answer Stats

HintAnswer% Correct
2022Oldham Athletic
78%
2008Wrexham
78%
2023Hartlepool United
67%
2017Hartlepool United
67%
2005Cambridge United
56%
2004Carlisle United
56%
2009Chester City
56%
2000Chester City
56%
1989Darlington
56%
2010Darlington
56%
2019Notts County
56%
2006Oxford United
56%
2011Stockport County
56%
2024Sutton United
56%
2015Tranmere Rovers
56%
2018Chesterfield
44%
2005Kidderminster Harriers
44%
2017Leyton Orient
44%
2011Lincoln City
44%
1987Lincoln City
44%
2009Luton Town
44%
2008Mansfield Town
44%
1988Newport County
44%
2023Rochdale
44%
2022Scunthorpe United
44%
2021Southend United
44%
2019Yeovil Town
44%
2015Cheltenham Town
33%
1990Colchester United
33%
2016Dagenham and Redbridge
33%
1998Doncaster Rovers
33%
2003Exeter City
33%
2024Forest Green Rovers
33%
2010Grimsby Town
33%
2021Grimsby Town
33%
1999Scarborough
33%
2007Torquay United
33%
2014Torquay United
33%
2016York City
33%
2004York City
33%
2013Aldershot Town
22%
2001Barnet
22%
2018Barnet
22%
2013Barnet
22%
2007Boston United
22%
2002Halifax Town
22%
1993Halifax Town
22%
2012Hereford United
22%
1997Hereford United
22%
2020Macclesfield Town
22%
2012Macclesfield Town
22%
2006Rushden and Diamonds
22%
2003Shrewsbury Town
22%
2014Bristol Rovers
11%

Score Distribution

Percentile by Number Answered

Percent of People with Each Score

Your Score History

You have not taken this quiz since the last reset